Normal view
MARC view
Entry Personal Name
001 - CONTROL NUMBER
- control field: 48769
003 - CONTROL NUMBER IDENTIFIER
- control field: ARRUPE
005 - DATE AND TIME OF LATEST TRANSACTION
- control field: 20191118104028.0
008 - FIXED-LENGTH DATA ELEMENTS
- fixed length control field: 191118|| aca||aabn | a|a d
040 ## - CATALOGING SOURCE
- Original cataloging agency: ARRUPE
- Transcribing agency: ARRUPE
100 ## - HEADING--PERSONAL NAME
- Personal name: Stamm, Anne.
670 ## - SOURCE DATA FOUND
- Source citation: Work cat.: (ARRUPE)0: Lainé, Daniel, 1949- 48762, African gods :, 2007.